| 000 | 00522nam a22001817a 4500 | ||
|---|---|---|---|
| 003 | OSt | ||
| 005 | 20260105022057.0 | ||
| 008 | 260105b |||||||| |||| 00| 0 eng d | ||
| 020 | _a978-1-40830-503-4 | ||
| 040 |
_aDWCL - Main Library _cOC |
||
| 082 | _aFic. M438k 2009 | ||
| 100 | _aMatthews, Andrew | ||
| 245 |
_aKing Lear: _ba Shakespeare story / _cAndrew Matthews |
||
| 260 |
_aLondon: _bOrchard books, _cc2009. |
||
| 300 |
_a63 p.: _bill.; _c20cm. |
||
| 700 |
_aRoss, Tony _eIllustrator |
||
| 942 |
_2ddc _cFIC. _mFic. _n0 |
||
| 999 |
_c7213 _d7213 |
||